UBT Library

United Nations, divided world : (Record no. 184)

000 -LEADER
fixed length control field 00982pam a2200253 a 4500
005 - DATE AND TIME OF LATEST TRANSACTION
control field 20131029045645.0
008 - FIXED-LENGTH DATA ELEMENTS--GENERAL INFORMATION
fixed length control field 930607s1993 enk b 001 0 eng
020 ## - INTERNATIONAL STANDARD BOOK NUMBER
International Standard Book Number 019827906X
020 ## - INTERNATIONAL STANDARD BOOK NUMBER
International Standard Book Number 0198279264
041 0# - LANGUAGE CODE
Language code of text/sound track or separate title eng
080 ## - UNIVERSAL DECIMAL CLASSIFICATION NUMBER
Universal Decimal Classification number 327
245 00 - TITLE STATEMENT
Title United Nations, divided world :
Statement of responsibility, etc edited by Adam Roberts and Benedict Kingsbury.
250 ## -
-- 2nd ed.
260 ## -
-- Oxford :
-- Clarendon Press ;
-- New York :
-- Oxford University Press,
-- 1993.
300 ## -
-- xvi, 589 p. ;
-- 23 cm.
504 ## - BIBLIOGRAPHY, ETC. NOTE
Bibliography, etc Includes bibliographical references (p. [549]-556) and index.
610 20 -
-- Shtetet e bashkuara
650 #0 -
-- Marrëdhënie ndërkombëtare
700 1# -
-- Roberts, Adam,
-- 1940-
700 1# -
-- Kingsbury, Benedict.
856 42 -
-- Publisher description
-- http://www.loc.gov/catdir/enhancements/fy0605/93002566-d.html
856 41 -
-- Table of contents only
-- http://www.loc.gov/catdir/enhancements/fy0605/93002566-t.html
942 ## - ADDED ENTRY ELEMENTS (KOHA)
Source of classification or shelving scheme
Item type Books
Holdings
Withdrawn status Lost status Source of classification or shelving scheme Damaged status Not for loan Collection code Permanent location Current location Shelving location Date acquired Total Checkouts Full call number Barcode Date last seen Koha item type
          Koleksioni i përgjithshem UBT - Prishtine UBT - Prishtine Koleksioni i përgjithshem 10/29/2013   327 UNI 001-000210 10/29/2013 Books
UBT Library © 2015-2024. All rights reserved University Education for Business and Technology